| 000 | 00833cam a22002771 4500 | ||
|---|---|---|---|
| 001 | 7987 | ||
| 003 | BD-RjUL | ||
| 005 | 20211208234515.0 | ||
| 008 | 140116s1968 nyu b 001 0 eng | ||
| 035 | _a(OCoLC)ocm00391813 | ||
| 035 | _a(BD-RjUL)8032 | ||
| 035 | _a(NNC)1562853 | ||
| 040 |
_aDLC _cDLC _dUKM _dBD-RjUL _beng |
||
| 041 | _aeng | ||
| 082 | 0 | 0 |
_a501 _bPOL 1968 |
| 245 | 0 | 4 |
_aThe politics of science : _breadings in science, technology, and government / _cEdited by William R. Nelson. |
| 260 |
_aNew York : _bOxford University Press, _cc1968. |
||
| 300 |
_ax, 495 p. ; _c23 cm. |
||
| 500 | _aIncludes index. | ||
| 504 | _aBibliographical footnotes. | ||
| 650 | 0 |
_aScience and state _zUnited States. _924150 |
|
| 700 | 1 |
_aNelson, William R. _924922 |
|
| 942 |
_2ddc _cBK |
||
| 999 |
_c7987 _d7987 |
||